| Tag |
First Indicator |
Second Indicator |
Subfields |
| LEADER |
00000cam a2200000 4500 |
| 001 |
in00000042088 |
| 005 |
20151007070731.0 |
| 008 |
730116s1960 enka b 10000 eng u |
| 010 |
|
|
|a 61000308
|
| 035 |
|
|
|a (OCoLC)00538055
|
| 035 |
|
|
|9 AAE4610AM
|
| 040 |
|
|
|c OUN
|d TXA
|d UtOrBLW
|
| 049 |
|
|
|a TXAM
|c [331067]
|
| 050 |
|
0 |
|a QB981
|b .T49
|
| 082 |
0 |
|
|a 523.1
|
| 092 |
|
|
|a 523.1
|b T445r, 1960
|
| 130 |
0 |
|
|a Third programme (Radio program)
|
| 245 |
1 |
0 |
|a Rival theories of cosmology ;
|b a symposium and discussion of modern theories of the structure of the universe /
|c [by] H. Bondi [and others].
|
| 264 |
|
1 |
|a London,
|a New York :
|b Oxford University Press,
|c 1960.
|
| 300 |
|
|
|a 64 pages :
|b illustrations ;
|c 19 cm.
|
| 336 |
|
|
|a text
|b txt
|2 rdacontent
|
| 337 |
|
|
|a unmediated
|b n
|2 rdamedia
|
| 338 |
|
|
|a volume
|b nc
|2 rdacarrier
|
| 500 |
|
|
|a Revised version of talks originally broadcast on the Third programme of the British Broadcasting Corporation in 1959.
|
| 504 |
|
|
|a Includes bibliography.
|
| 650 |
|
0 |
|a Cosmology.
|
| 700 |
1 |
|
|a Bondi, Hermann.
|
| 740 |
0 |
|
|a Symposium on rival theories of cosmology.
|
| 999 |
|
|
|a MARS
|
| 999 |
f |
f |
|s 0b722b92-89c4-3bde-bdf2-1b21796f225b
|i dc5ba767-6a51-3b95-b369-f85ddf64ac5c
|t 0
|
| 952 |
f |
f |
|p ric
|a Texas A&M University
|b Rellis Campus
|c Joint Library Facility
|d Remote Storage
|t 0
|e QB981 .T49
|h Library of Congress classification
|i unmediated -- volume
|m A14800900998
|
| 998 |
f |
f |
|a QB981 .T49
|t 0
|l Remote Storage
|